| 000 | 00474cam a2200157 4500500 | ||
|---|---|---|---|
| 005 | 20260322014642.0 | ||
| 041 | _afre | ||
| 042 | _adc | ||
| 100 | 1 | 0 |
_aJoindot, Michel _eauthor |
| 700 | 1 | 0 |
_aJoindot, Irène _eauthor |
| 245 | 0 | 0 | _aGuided light propagation |
| 260 | _c2026. | ||
| 500 | _a61 | ||
| 786 | 0 | _nPhysics and chemistry | - | 2026-03-05 | p. 7-7 | |
| 856 | 4 | 1 | _uhttps://stm.cairn.info/physical-optics--bdti42528210-af2090-page-7?lang=en&redirect-ssocas=7080 |
| 999 |
_c1790821 _d1790821 |
||